000
00265nam a22001097a 4500
008
240530b |||||||| |||| 00| 0 eng d
100
_a
Keshav, Kamlesh
_9
14906
245
_a
Tulsi Ramayan
260
_a
New york:
_b
McGrew hill;
_c
1969.
300
_a
263p.
942
_c
BK
999
_c
39300
_d
39300